000 00394ntaaa2200145 4500
003 01
005 20251027201346.0
008 0714s1973 ag 01
040 _aAR-BaBN
_bspa
_cAR-BaBN
_eaacr
_dRIC
082 _a225.0000
245 _aNuevo Testamento de Nuestro SeƱor Jesucristo
250 _a1 ed. :
_bPublicacones de la Fuente,
_cc/963,(1960)
650 _aBiblia-Nuevo Testamento
942 _cBK
999 _c8101
_d8101